LDR 01000naa#a2200169#i#450# 001 EN\\bibl\114876 005 20260416220632.4 011 ## _a2409-1073 100 ## _a20240320b2024####ek#y0engy0150####ca 102 ## _aRU 200 1# _aFactor analysis model for company’s economic condition in managing innovative development _eJournal article 210 1# _aMoscow _cNational Research University of Electronic Technology _d2024 215 ## _a0 с. 608 ## _aJournal article _2local 675 ## _aОрганизация производства (производственного процесса). Производственное планирование. Конструирование. Контроль на производстве. 658.5 _aРазмерный анализ. Анализ величин и измерений. Способы мультивариатной редукции (сокращения по многим переменным). 303.722 _z 700 #1 _aAniskin _gYurii P. 856 4# _aesgi-journal.ru _u